Fluid mechanics through worked out problems (Record no. 2538)

000 -LEADER
fixed length control field 00578nam a22002177a 4500
001 - CONTROL NUMBER
control field 2538
003 - CONTROL NUMBER IDENTIFIER
control field BD-DhUET
008 - FIXED-LENGTH DATA ELEMENTS--GENERAL INFORMATION
fixed length control field 140924b xxu||||| |||| 00| 0 eng d
020 ## - INTERNATIONAL STANDARD BOOK NUMBER
International Standard Book Number 9843109230
040 ## - CATALOGING SOURCE
Transcribing agency 0
Modifying agency BD-DhUET
082 ## - DEWEY DECIMAL CLASSIFICATION NUMBER
Classification number 532
Item number QUA/2006
100 ## - MAIN ENTRY--PERSONAL NAME
Personal name Quamrul Islam , Md.
245 ## - TITLE STATEMENT
Title Fluid mechanics through worked out problems
250 ## - EDITION STATEMENT
Edition statement 1st ed.
260 ## - PUBLICATION, DISTRIBUTION, ETC. (IMPRINT)
Place of publication, distribution, etc. Gazipur
Name of publisher, distributor, etc. Islamic University of Technology
Date of publication, distribution, etc. 2006
300 ## - PHYSICAL DESCRIPTION
Extent xii,777 p.
504 ## - BIBLIOGRAPHY, ETC. NOTE
Bibliography, etc Includes bibliographies
650 #0 - SUBJECT ADDED ENTRY--TOPICAL TERM
Topical term or geographic name as entry element Fluid mechanics
700 ## - ADDED ENTRY--PERSONAL NAME
Personal name Mondal , Amalesh Chandra
942 ## - ADDED ENTRY ELEMENTS (KOHA)
Koha item type General Book
Holdings
Shelving location Koha out on loan Location (home branch) Koha item type Koha date last borrowed Koha issues (times borrowed) Withdrawn status Price effective from Koha full call number Koha renewals Koha date last seen Sublocation or collection (holding branch) Piece designation (barcode) Copy number Lost status Not for loan Source of classification or shelving scheme Damaged status Date acquired Koha normalized classification for sorting
Circulation section2024-09-14Central Library, BUETGeneral Book2024-08-319 2014-09-24532/QUA/2006 2024-08-31Central Library, BUET1027491    2014-09-24532QUA2006
Circulation section Central Library, BUETGeneral Book2025-08-1016 2014-09-24532/QUA/2006 2025-11-09Central Library, BUET1027502    2014-09-24532_000000000000000_QUA_2006
Circulation section Central Library, BUETGeneral Book2026-03-3015 2014-09-24532/QUA/200612026-04-12Central Library, BUET1027513    2014-09-24532_000000000000000_QUA_2006
Circulation section2025-07-14Central Library, BUETGeneral Book2025-06-3024 2015-08-17532/QUA/2006 2025-06-30Central Library, BUET1027484    2015-08-17532_000000000000000_QUA_2006
Circulation section2023-12-16Central Library, BUETGeneral Book2023-12-0210 2018-04-21532/QUA/2006 2023-12-02Central Library, BUET1027525    2006-11-06532_000000000000000_QUA_2006